| 000 | 00604nam a2200229Ia 4500 | ||
|---|---|---|---|
| 001 | dia_2069 | ||
| 003 | CHAP | ||
| 005 | 20251023160108.0 | ||
| 008 | 220117s1981 xx 000 0 und d | ||
| 010 | _a172605 | ||
| 040 | _cCHAP | ||
| 082 | _a635.92 D5 | ||
| 100 |
_aDixon, G.R. _933050 |
||
| 245 |
_aVegetable crop diseases / _c by g.r. dixon |
||
| 260 |
_aEstados Unidos de América : _b avi, _c1981 |
||
| 300 | _a404 p. | ||
| 650 |
_a1.Vegetales _9152177 |
||
| 901 | _a635.92 D5 | ||
| 902 | _aM | ||
| 905 | _a0000001981 -usA 0000000000eng00 | ||
| 942 |
_cLIBRO _2ddc |
||
| 999 |
_c172605 _d172605 |
||